000 00591nam a2200217 a 4500
003 MX-MxUPN
005 20230419063516.0
008 991125s1957 mx 000 0 spa u
035 _aUPN01000005324
040 _aMX-MxUPN
_bspa
_cMX-MxUPN
041 0 _aspa
049 _aCG
050 4 _aF2224
_bP3.2 1957
100 1 _aPareyón Azpeitia, Armando R.
_944336
245 1 0 _aBajo la cruz del sur /
_cArmando R. Pareyon.
250 _a2a ed.
260 _aMéxico :
_b[s.n.],
_c1957.
300 _a357 p. :
_bil.
651 2 _aAmérica del Sur
_xDescripción y viajes
_92691
905 _aLibro
999 _c5324
_d5324